Closest Genetic Populations to the Polish - Statistics

General Stats
  • This quiz has been taken 28 times
    21 since last reset
  • The average score is 9 of 12
Answer Stats
Genetic Distance Ethnicity % Correct
1.354 Russian
95%
2.270 Lithuanian
90%
1.038 Ukrainian
85%
1.561 Belarusian
80%
2.169 Czech
80%
1.944 Slovakian
80%
3.326 Hungarian
65%
3.087 Slovenian
65%
4.026 Croat
60%
3.424 Estonian
60%
3.405 Swedish
60%
4.128 Norwegian
40%
No matching quizzes found
Score Distribution
Percent of People with Each Score
Percentile by Number Answered
Your Score History
You have not taken this quiz since the last reset